| 000 | 00837cam a2200265 a 4500 | ||
|---|---|---|---|
| 008 | |||
| 020 | _a0852967101 (hbk.) | ||
| 049 | _aMAIN | ||
| 090 |
_aTR899 _bGHA |
||
| 100 | 1 | _aGhanbari, M. | |
| 245 | 1 | 0 |
_aStandard codecs : _bimage compression to advanced video coding / _cMohammed Ghanbari. |
| 260 |
_aLondon : _bInstitution of Electrical Engineers, _cc2003 |
||
| 300 |
_axv, 407 p. : _bill., 1 port. ; _c24 cm |
||
| 440 | 0 |
_aIEE telecommunications series ; _v49 |
|
| 504 | _aIncludes bibliographical references. | ||
| 500 | _aIncludes index. | ||
| 650 | 0 | _aDigital video | |
| 650 | 0 | _aVideo compression | |
| 650 | 0 | _aMPEG (Video coding standard) | |
| 907 |
_a.b10374516 _b27-07-16 _c27-07-16 |
||
| 003 | |||
| 005 | 20230123122224.0 | ||
| 040 | _cNUST | ||
| 942 |
_cBOOKS _kTR899 _mGHA |
||
| 999 |
_c129928 _d129928 |
||